Riconosci l'Anno dagli eventi - Quiz n°520 - Statistics

Statistiche generali
  • Questo quiz è stato fatto 6 volte
  • Il punteggio medio è 11 su 12
Statistiche sulle risposte
Indizio Risposta % Corretto
A 15-27 gennaio: il Concilio di Ferrara si trasferisce a Firenze.
100%
G 24 agosto: Renato d'Angiò conquista Castelnuovo di Napoli agli aragonesi.
100%
D 24 giugno: Sigismondo d'Asburgo, alla morte del padre Federico IV, diventa duca del Tirolo.
100%
E 25 giugno: il concilio di Basilea, in opposizione al Concilio di Ferrara-Firenze, dichiara deposto papa Eugenio IV.
100%
I 29 settembre: Eric di Pomerania, re di Svezia, Danimarca e Norvegia è dichiarato deposto in Svezia.
100%
L 30 ottobre: al concilio di basilea Amedeo VIII di Savoia è eletto papa (Felice V) in opposizione a Eugenio IV; è l'ultimo antipapa della storia.
100%
C 4 maggio: nella battaglia di Grotniki, in Polonia, il movimento hussita viene sconfitto.
100%
F 6 luglio: al concilio di Firenze il papa Eugenio IV si accorda con Giovanni VIII Paleologo per sancire l'unione della Chiesa di Roma con la Chiesa di Costantinopoli.
100%
H 8 settembre: il cardinale Giovanni Vitelleschi conquista Foligno, ponendo fine alla signoria dei Trinci.
100%
B Johannes Gutenberg sviluppa la stampa a caratteri mobili a Magonza.
100%
M 2 novembre: Il Grande decreto è adottato dagli Stati Generali francesi. Questa misura garantisce al re il diritto esclusivo di aumentare le truppe e stabilisce la misura fiscale noto come la taglia a sostegno di un esercito permanente.
83%
Anno 1439
17%
Nessun quiz corrispondente trovato
Distribuzione punteggi
Percentuale di utenti per punteggio
Percentile per numero di risposta
I tuoi punteggi nel tempo
Non hai fatto questo quiz